[Event "NB II. Erkel csoport"]
[Site "Dunaharaszti"]
[Date "2024.04.21"]
[Round "8.6"]
[White "Szekeres, Tibor"]
[Black "Pasztor, Ferenc"]
[Result "0-1"]
[WhiteElo "2032"]
[BlackElo "2083"]
[PlyCount "102"]
[EventDate "2023.10.08"]
[EventType "team-tourn"]
[EventRounds "9"]
[EventCountry "HUN"]
[Source "chess.hu"]
[WhiteTeam "Dunaharaszti MTK II."]
[BlackTeam "EUTender-Sinus-SDSE"]
[WhiteTeamCountry "HUN"]
[BlackTeamCountry "HUN"]

1. Nf3 Nf6 2. e3 c5 3. b3 Nc6 4. Bb2 e6 5. Bb5 Qb6 6. a4 a6 7. Be2 Be7 8. O-O
d5 9. d3 Qc7 10. Nbd2 b6 11. e4 d4 12. c3 dxc3 13. Bxc3 Bb7 14. d4 cxd4 15.
Nxd4 Nxd4 16. Bxd4 Nxe4 17. Rc1 Qd8 18. Nxe4 Bxe4 19. Bf3 Bxf3 20. Qxf3 O-O 21.
Rfd1 Qb8 22. Qc3 Bg5 23. Be5 Qb7 24. f4 Rac8 25. Qg3 Bh6 26. Rxc8 Rxc8 27. Qh4
Qa8 28. Qe7 Re8 29. Qd7 f6 30. Bc7 Qc8 31. g3 Qxd7 32. Rxd7 b5 33. Rd6 Rc8 34.
Rd7 g5 35. Kf2 gxf4 36. gxf4 Bf8 37. Kf3 bxa4 38. bxa4 Bc5 39. h4 Rf8 40. Bd6
Rc8 41. Bc7 h5 42. Bd8 f5 43. Bf6 Bf8 44. Ra7 Rc6 45. Be5 Bd6 46. Rg7+ Kf8 47.
Rg5 Bxe5 48. fxe5 Rc5 49. Rxh5 Rxe5 50. Kf4 Re4+ 51. Kg5 Kg7 0-1

[Event "NB II. Erkel csoport"]
[Site "Dunaharaszti"]
[Date "2024.04.21"]
[Round "8.7"]
[White "Centgraf, Jozsef"]
[Black "Szollosi, Laszlo"]
[Result "1/2-1/2"]
[WhiteElo "2104"]
[BlackElo "2043"]
[PlyCount "23"]
[EventDate "2023.10.08"]
[EventType "team-tourn"]
[EventRounds "9"]
[EventCountry "HUN"]
[Source "chess.hu"]
[WhiteTeam "EUTender-Sinus-SDSE"]
[BlackTeam "Dunaharaszti MTK II."]
[WhiteTeamCountry "HUN"]
[BlackTeamCountry "HUN"]

1. Nf3 Nf6 2. d4 d5 3. c4 e6 4. Nc3 c6 5. e3 Bd6 6. Bd3 Nbd7 7. O-O O-O 8. cxd5
exd5 9. b3 Re8 10. Bb2 Nf8 11. h3 Bd7 12. Qc2 1/2-1/2

[Event "NB II. Erkel csoport"]
[Site "Dunaharaszti"]
[Date "2024.04.21"]
[Round "8.8"]
[White "Kovacs, Istvan"]
[Black "Vasyliv, Stanislav"]
[Result "0-1"]
[WhiteElo "2059"]
[BlackElo "2162"]
[PlyCount "76"]
[EventDate "2023.10.08"]
[EventType "team-tourn"]
[EventRounds "9"]
[EventCountry "HUN"]
[Source "chess.hu"]
[WhiteTeam "Dunaharaszti MTK II."]
[BlackTeam "EUTender-Sinus-SDSE"]
[WhiteTeamCountry "HUN"]
[BlackTeamCountry "HUN"]

1. d4 Nf6 2. c4 c5 3. Nf3 cxd4 4. Nxd4 e5 5. Nb5 d6 6. b3 a6 7. N5c3 Bf5 8. e3
Nc6 9. a3 g6 10. Be2 Bg7 11. Ra2 O-O 12. O-O Qe7 13. Rd2 Rad8 14. Bb2 h5 15. b4
e4 16. Nd5 Nxd5 17. Bxg7 Kxg7 18. Rxd5 Be6 19. Rd2 Ne5 20. Rd4 f5 21. Nc3 h4
22. Nd5 Qf7 23. Qa1 g5 24. Kh1 b5 25. Nb6 Qc7 26. c5 dxc5 27. bxc5 Qxc5 28. Rc1
Qxb6 29. Rxd8 Qxd8 30. Qxe5+ Qf6 31. Qc7+ Rf7 32. Qc5 f4 33. Bh5 Rd7 34. h3 f3
35. gxf3 exf3 36. Rg1 Kh6 37. Be8 Rd5 38. Qc6 Qf5 0-1

[Event "NB II. Erkel csoport"]
[Site "Dunaharaszti"]
[Date "2024.04.21"]
[Round "8.9"]
[White "Nadasi, Balazs"]
[Black "Fodre, Sandor"]
[Result "1-0"]
[WhiteElo "2106"]
[BlackElo "1918"]
[PlyCount "47"]
[EventDate "2023.10.08"]
[EventType "team-tourn"]
[EventRounds "9"]
[EventCountry "HUN"]
[Source "chess.hu"]
[WhiteTeam "EUTender-Sinus-SDSE"]
[BlackTeam "Dunaharaszti MTK II."]
[WhiteTeamCountry "HUN"]
[BlackTeamCountry "HUN"]

1. e4 d5 2. exd5 Qxd5 3. Nc3 Qd6 4. d4 Nf6 5. Nf3 Bg4 6. g3 c6 7. Bg2 Qe6+ 8.
Be3 Nd5 9. Nxd5 cxd5 10. c4 dxc4 11. h3 Bf5 12. Ne5 Nc6 13. Qa4 Rc8 14. g4 Bd3
15. Nxd3 cxd3 16. O-O Qd7 17. d5 Ne5 18. Qxa7 Nc4 19. Rad1 Nxb2 20. Rb1 Nc4 21.
Rxb7 Qd6 22. Rc1 d2 23. Bxd2 e6 24. Rxc4 1-0

[Event "NB II. Erkel csoport"]
[Site "Dunaharaszti"]
[Date "2024.04.21"]
[Round "8.10"]
[White "Frank, Jozsef"]
[Black "Varaljai, Istvan"]
[Result "1/2-1/2"]
[WhiteElo "1858"]
[BlackElo "1938"]
[PlyCount "103"]
[EventDate "2023.10.08"]
[EventType "team-tourn"]
[EventRounds "9"]
[EventCountry "HUN"]
[Source "chess.hu"]
[WhiteTeam "Dunaharaszti MTK II."]
[BlackTeam "EUTender-Sinus-SDSE"]
[WhiteTeamCountry "HUN"]
[BlackTeamCountry "HUN"]

1. d4 d5 2. Nf3 Nf6 3. g3 e6 4. Bg2 c5 5. O-O Nc6 6. c3 Qb6 7. Qb3 Qa6 8. Qc2
Bd7 9. Bg5 Ne4 10. Be3 Rc8 11. dxc5 Bxc5 12. Bxc5 Nxc5 13. Re1 b5 14. a3 Ne4
15. Nbd2 f5 16. e3 Qb6 17. Nxe4 dxe4 18. Nd4 Nxd4 19. exd4 Qxd4 20. Rad1 Qc5
21. Qd2 Rc7 22. Qd4 Qxd4 23. Rxd4 Bc6 24. Rd6 Ke7 25. Red1 a5 26. Bf1 Rb8 27.
R6d4 Rbb7 28. Be2 Rd7 29. Kf1 e5 30. Rxd7+ Rxd7 31. Ke1 Rxd1+ 32. Kxd1 Kd6 33.
Kd2 Kc5 34. b4+ axb4 35. axb4+ Kd5 36. h4 g6 37. Ke3 h6 38. Kd2 g5 39. hxg5
hxg5 40. Bf1 f4 41. Be2 Bd7 42. Kc2 e3 43. gxf4 exf4 44. fxe3 Ke4 45. exf4 gxf4
46. Kd2 f3 47. Bf1 Kf4 48. c4 bxc4 49. Bxc4 Bc6 50. b5 Bb7 51. b6 Ke5 52. Ke3
1/2-1/2

[Event "NB II. Erkel csoport"]
[Site "Dunaharaszti"]
[Date "2024.04.21"]
[Round "8.11"]
[White "Sass, Oscar"]
[Black "Farkas, Sara"]
[Result "0-1"]
[WhiteElo "1844"]
[BlackElo "1693"]
[PlyCount "106"]
[EventDate "2023.10.08"]
[EventType "team-tourn"]
[EventRounds "9"]
[EventCountry "HUN"]
[Source "chess.hu"]
[WhiteTeam "EUTender-Sinus-SDSE"]
[BlackTeam "Dunaharaszti MTK II."]
[WhiteTeamCountry "HUN"]
[BlackTeamCountry "HUN"]

1. e4 e6 2. d4 d5 3. exd5 exd5 4. Nf3 Nc6 5. Bd3 Bd6 6. Be3 Nge7 7. Nbd2 Bg4 8.
c3 Qd7 9. Qc2 O-O-O 10. O-O-O h6 11. Rde1 f5 12. h3 Bh5 13. Ne5 Bxe5 14. dxe5
Bf7 15. Bd4 Be6 16. Nb3 b6 17. f4 g6 18. Qe2 Nb8 19. Ba6+ Nxa6 20. Qxa6+ Kb8
21. Rhg1 Nc6 22. Kb1 Rhg8 23. a4 Rg7 24. a5 Re8 25. Kc2 Ree7 26. Ra1 Qd8 27.
Ra3 g5 28. Qb5 Qe8 29. Qa4 Nxd4+ 30. Qxd4 Qb5 31. Kd2 g4 32. Qe3 c5 33. axb6
axb6 34. Rga1 Ra7 35. hxg4 fxg4 36. g3 Rxa3 37. Rxa3 Ra7 38. Rxa7 Kxa7 39. Nc1
Qxb2+ 40. Kd1 d4 41. cxd4 cxd4 42. Qd3 Bd5 43. Qd2 Bf3+ 44. Ke1 Qb1 45. Qa2+
Qxa2 46. Nxa2 Kb7 47. Nb4 Be4 48. Kd2 h5 49. Ke2 Kc7 50. f5 Kd7 51. f6 Ke6 52.
Kf2 b5 53. Ke2 h4 0-1

[Event "NB II. Erkel csoport"]
[Site "Dunaharaszti"]
[Date "2024.04.21"]
[Round "8.12"]
[White "Koronczai, Csongor"]
[Black "Benko, Csanad Botond"]
[Result "1-0"]
[WhiteElo "1701"]
[BlackElo "1793"]
[PlyCount "79"]
[EventDate "2023.10.08"]
[EventType "team-tourn"]
[EventRounds "9"]
[EventCountry "HUN"]
[Source "chess.hu"]
[WhiteTeam "Dunaharaszti MTK II."]
[BlackTeam "EUTender-Sinus-SDSE"]
[WhiteTeamCountry "HUN"]
[BlackTeamCountry "HUN"]

1. e4 e5 2. Nc3 Nf6 3. f4 d5 4. fxe5 Nxe4 5. Qf3 Nxc3 6. bxc3 Be6 7. d4 c5 8.
Bb5+ Nc6 9. Ne2 Qh4+ 10. g3 Qg4 11. Qxg4 Bxg4 12. Nf4 O-O-O 13. Bxc6 bxc6 14.
O-O cxd4 15. cxd4 Bb4 16. Rb1 Bc3 17. Be3 c5 18. Rb5 cxd4 19. Nxd5 Rxd5 20.
Rxd5 dxe3 21. Rc5+ Kd7 22. Rxc3 e2 23. Re1 Ke6 24. h3 Bxh3 25. Rxe2 Rd8 26. Rd3
Rb8 27. Kf2 Rb4 28. Rd6+ Ke7 29. Ra6 Rb7 30. c4 Be6 31. Rc2 Rc7 32. c5 Bc8 33.
Rd6 f6 34. exf6+ gxf6 35. Re2+ Kf7 36. c6 Re7 37. Rd8 Be6 38. Rb2 Rc7 39. Rb7
Ke7 40. Rd4 1-0

[Event "NB II. Erkel csoport"]
[Site "Szada"]
[Date "2024.04.21"]
[Round "8.1"]
[White "Szamoskozi, Gabor"]
[Black "Vereb, Gabor"]
[Result "0-1"]
[WhiteElo "2246"]
[BlackElo "2190"]
[PlyCount "56"]
[EventDate "2023.10.08"]
[EventType "team-tourn"]
[EventRounds "9"]
[EventCountry "HUN"]
[Source "chess.hu"]
[WhiteTeam "Vizugyi SC"]
[BlackTeam "Godolloi SBE"]
[WhiteTeamCountry "HUN"]
[BlackTeamCountry "HUN"]

1. e4 Nf6 2. e5 Nd5 3. d4 d6 4. c4 Nb6 5. f4 g5 6. exd6 Qxd6 7. Nc3 Bg7 8. Be2
Qe6 9. d5 Bxc3+ 10. bxc3 Qe4 11. Qd4 Qxd4 12. cxd4 c6 13. dxc6 Nxc6 14. d5 Nb4
15. Rb1 Nc2+ 16. Kd2 Bf5 17. fxg5 Rc8 18. Nf3 O-O 19. Bd3 Nxc4+ 20. Ke2 Bxd3+
21. Kxd3 Nb6 22. Rd1 Nxd5 23. Bd2 Rfd8 24. Ke2 b6 25. Rb3 e5 26. Nxe5 Re8 27.
Kd3 Rxe5 28. Rc1 Ndb4+ 0-1

[Event "NB II. Erkel csoport"]
[Site "Szada"]
[Date "2024.04.21"]
[Round "8.2"]
[White "Nagyajtai, Gabor"]
[Black "Dencsi, Tibor"]
[Result "1/2-1/2"]
[WhiteElo "2126"]
[BlackElo "2271"]
[PlyCount "27"]
[EventDate "2023.10.08"]
[EventType "team-tourn"]
[EventRounds "9"]
[EventCountry "HUN"]
[Source "chess.hu"]
[WhiteTeam "Godolloi SBE"]
[BlackTeam "Vizugyi SC"]
[WhiteTeamCountry "HUN"]
[BlackTeamCountry "HUN"]

1. d4 Nf6 2. Bg5 c5 3. Bxf6 gxf6 4. d5 f5 5. e3 Bg7 6. c3 e5 7. Qc2 d6 8. Bb5+
Kf8 9. a4 b6 10. Ne2 Qg5 11. g3 Bb7 12. Bc4 Nd7 13. Na3 a6 14. O-O-O 1/2-1/2

[Event "NB II. Erkel csoport"]
[Site "Szada"]
[Date "2024.04.21"]
[Round "8.3"]
[White "Mika, Janos"]
[Black "Sillye, Kalman"]
[Result "1/2-1/2"]
[WhiteElo "2103"]
[BlackElo "2035"]
[PlyCount "36"]
[EventDate "2023.10.08"]
[EventType "team-tourn"]
[EventRounds "9"]
[EventCountry "HUN"]
[Source "chess.hu"]
[WhiteTeam "Vizugyi SC"]
[BlackTeam "Godolloi SBE"]
[WhiteTeamCountry "HUN"]
[BlackTeamCountry "HUN"]

1. e4 c5 2. Nf3 Nc6 3. Bb5 Nf6 4. e5 Nd5 5. O-O g6 6. Re1 Bg7 7. c3 O-O 8. d4
cxd4 9. cxd4 d6 10. h3 Nc7 11. Bxc6 bxc6 12. Qc2 Bd7 13. exd6 exd6 14. Bg5 f6
15. Bf4 d5 16. Nbd2 Ne6 17. Bd6 Re8 18. Nb3 Qb6 1/2-1/2

[Event "NB II. Erkel csoport"]
[Site "Szada"]
[Date "2024.04.21"]
[Round "8.4"]
[White "Fecske, Csaba"]
[Black "Tomosvary, Attila"]
[Result "1-0"]
[WhiteElo "1969"]
[BlackElo "2126"]
[PlyCount "109"]
[EventDate "2023.10.08"]
[EventType "team-tourn"]
[EventRounds "9"]
[EventCountry "HUN"]
[Source "chess.hu"]
[WhiteTeam "Godolloi SBE"]
[BlackTeam "Vizugyi SC"]
[WhiteTeamCountry "HUN"]
[BlackTeamCountry "HUN"]

1. d4 g6 2. e4 Bg7 3. Nf3 c5 4. dxc5 Qa5+ 5. c3 Qxc5 6. Na3 Nf6 7. Be3 Qa5 8.
Nc4 Qc7 9. e5 Ng4 10. Bd4 Nc6 11. Nd6+ exd6 12. exd6 Qxd6 13. Bxg7 Qxd1+ 14.
Rxd1 Rg8 15. Bd4 Nxd4 16. Rxd4 f5 17. Bc4 Rg7 18. Rf1 a6 19. Kd2 b5 20. Bd5 Rb8
21. h3 Nf6 22. Re1+ Re7 23. Rxe7+ Kxe7 24. g3 a5 25. Ne1 Bb7 26. Bxb7 Rxb7 27.
f3 d5 28. Nd3 Kd6 29. a4 bxa4 30. Rxa4 Rb5 31. b4 axb4 32. Ra6+ Ke7 33. Ra7+
Ke6 34. cxb4 d4 35. Kc2 Rb8 36. Ra6+ Ke7 37. Kb3 g5 38. Ne5 Rc8 39. Nc6+ Kf7
40. Nxd4 Nd5 41. Rd6 Ne7 42. b5 Rc1 43. Nc6 Nxc6 44. Rxc6 Rb1+ 45. Kc4 Rc1+ 46.
Kd5 Rb1 47. b6 Rb3 48. Rc7+ Kg6 49. b7 Kf6 50. Rxh7 Rb1 51. Kd6 g4 52. hxg4
fxg4 53. f4 Rd1+ 54. Kc7 Rc1+ 55. Kd8 1-0

[Event "NB II. Erkel csoport"]
[Site "Szada"]
[Date "2024.04.21"]
[Round "8.5"]
[White "Torok, Adam"]
[Black "Papp, Lorinc"]
[Result "0-1"]
[WhiteElo "2036"]
[BlackElo "1886"]
[PlyCount "96"]
[EventDate "2023.10.08"]
[EventType "team-tourn"]
[EventRounds "9"]
[EventCountry "HUN"]
[Source "chess.hu"]
[WhiteTeam "Vizugyi SC"]
[BlackTeam "Godolloi SBE"]
[WhiteTeamCountry "HUN"]
[BlackTeamCountry "HUN"]

1. c4 Nf6 2. Nc3 e6 3. g3 d5 4. Bg2 Be7 5. d4 O-O 6. cxd5 exd5 7. Nf3 c6 8. O-O
h6 9. Qc2 Be6 10. Bd2 Nbd7 11. Nh4 Ne4 12. Nxe4 Bxh4 13. Nd6 Qb8 14. Bf4 Bg5
15. Bxg5 hxg5 16. Nf5 g6 17. Ne3 Kg7 18. f4 gxf4 19. Rxf4 Nf6 20. Raf1 Nh5 21.
R4f2 Rh8 22. g4 Nf6 23. h3 Ne4 24. Bxe4 dxe4 25. Kg2 Qd6 26. Qc3 Kg8 27. Rf6
Rh7 28. Nc4 Qd5 29. Ne3 Qxa2 30. d5 Bxd5 31. Qe5 Qb3 32. Qd4 Qb5 33. R1f2 Rd8
34. Rxg6+ fxg6 35. Qf6 Qb6 36. Qxg6+ Rg7 37. Qf6 c5 38. Qh4 Qd6 39. Nf5 e3+ 40.
Kf1 exf2 41. Nxd6 Rxd6 42. Kxf2 Bc6 43. Qg3 Rf7+ 44. Ke1 Rd8 45. g5 Re8 46. h4
Rfe7 47. Qb3+ Kf8 48. Qc3 Rxe2+ 0-1

[Event "NB II. Erkel csoport"]
[Site "Szada"]
[Date "2024.04.21"]
[Round "8.6"]
[White "Nagy, Daniel"]
[Black "Budai, Akos"]
[Result "0-1"]
[WhiteElo "1848"]
[BlackElo "2007"]
[PlyCount "50"]
[EventDate "2023.10.08"]
[EventType "team-tourn"]
[EventRounds "9"]
[EventCountry "HUN"]
[Source "chess.hu"]
[WhiteTeam "Godolloi SBE"]
[BlackTeam "Vizugyi SC"]
[WhiteTeamCountry "HUN"]
[BlackTeamCountry "HUN"]

1. d4 Nf6 2. Nf3 d5 3. c4 dxc4 4. e3 e6 5. Bxc4 c5 6. O-O a6 7. a4 Nc6 8. Nc3
cxd4 9. exd4 Be7 10. d5 exd5 11. Nxd5 Nxd5 12. Bxd5 O-O 13. Bf4 Bf5 14. Ne5 Bf6
15. Re1 Qb6 16. Nc4 Qd4 17. Qf3 Be6 18. Rxe6 fxe6 19. Bxe6+ Kh8 20. Rd1 Qa7 21.
Nd6 Nd4 22. Qh3 Ne2+ 23. Kf1 Nxf4 24. Qg4 Nxe6 25. Qxe6 b5 0-1

[Event "NB II. Erkel csoport"]
[Site "Szada"]
[Date "2024.04.21"]
[Round "8.7"]
[White "Balint, Laszlo Dr"]
[Black "Zamodics, Ferenc"]
[Result "1-0"]
[WhiteElo "1896"]
[BlackElo "1856"]
[PlyCount "47"]
[EventDate "2023.10.08"]
[EventType "team-tourn"]
[EventRounds "9"]
[EventCountry "HUN"]
[Source "chess.hu"]
[WhiteTeam "Vizugyi SC"]
[BlackTeam "Godolloi SBE"]
[WhiteTeamCountry "HUN"]
[BlackTeamCountry "HUN"]

1. d4 Nf6 2. c4 c5 3. d5 b5 4. cxb5 a6 5. b6 Qxb6 6. Nc3 e6 7. e4 Bb7 8. g3 Bd6
9. Bg2 exd5 10. exd5 O-O 11. Nge2 a5 12. O-O Na6 13. Bg5 Be5 14. Na4 Qa7 15. f4
Bd4+ 16. Nxd4 cxd4 17. Bxf6 gxf6 18. Be4 f5 19. Bxf5 d3+ 20. Rf2 Qd4 21. Qh5
Qg7 22. Nb6 Ra7 23. Nxd7 Rd8 24. Bxh7+ 1-0

[Event "NB II. Erkel csoport"]
[Site "Szada"]
[Date "2024.04.21"]
[Round "8.8"]
[White "Szemelyi, Balazs"]
[Black "D Albini, Geza"]
[Result "1-0"]
[WhiteElo "1878"]
[BlackElo "1826"]
[PlyCount "43"]
[EventDate "2023.10.08"]
[EventType "team-tourn"]
[EventRounds "9"]
[EventCountry "HUN"]
[Source "chess.hu"]
[WhiteTeam "Godolloi SBE"]
[BlackTeam "Vizugyi SC"]
[WhiteTeamCountry "HUN"]
[BlackTeamCountry "HUN"]

1. e4 d6 2. d4 Nf6 3. Nc3 e5 4. dxe5 dxe5 5. Qxd8+ Kxd8 6. Bc4 Bb4 7. Nf3 Nxe4
8. Nxe5 Nd6 9. Nxf7+ Nxf7 10. Bxf7 Rf8 11. Bg5+ Be7 12. Bxe7+ Kxe7 13. Bb3 Be6
14. O-O-O Bxb3 15. axb3 Nd7 16. Rhe1+ Kd8 17. Rd2 c6 18. Rde2 Kc7 19. Re7 Rg8
20. R1e3 Rgf8 21. Rd3 Rfd8 22. Rg3 1-0

[Event "NB II. Erkel csoport"]
[Site "Szada"]
[Date "2024.04.21"]
[Round "8.9"]
[White "Makay, Andor Dr"]
[Black "Torocsik, Jozsef"]
[Result "0-1"]
[WhiteElo "1770"]
[BlackElo "1841"]
[PlyCount "56"]
[EventDate "2023.10.08"]
[EventType "team-tourn"]
[EventRounds "9"]
[EventCountry "HUN"]
[Source "chess.hu"]
[WhiteTeam "Vizugyi SC"]
[BlackTeam "Godolloi SBE"]
[WhiteTeamCountry "HUN"]
[BlackTeamCountry "HUN"]

1. e4 e5 2. h3 Nf6 3. Nc3 d5 4. exd5 Nxd5 5. Nxd5 Qxd5 6. b3 Bc5 7. Bb2 Nc6 8.
Ne2 Bf5 9. Nc3 Qd4 10. Qe2 O-O-O 11. Na4 Qd6 12. Nxc5 Qxc5 13. d3 e4 14. dxe4
Bxe4 15. Qc4 Qg5 16. Bc1 Qe5 17. Be2 Qxa1 18. O-O Qd4 19. Qxf7 Rhf8 20. Qe6+
Kb8 21. Be3 Qe5 22. Qc4 Rd6 23. Bc5 Rg6 24. f3 Bd5 25. Qd3 Re8 26. c4 Qxe2 27.
Qxe2 Rxe2 28. cxd5 Rgxg2+ 0-1

[Event "NB II. Erkel csoport"]
[Site "Szada"]
[Date "2024.04.21"]
[Round "8.10"]
[White "Veres, Istvan"]
[Black "Ramadan, Erik"]
[Result "1/2-1/2"]
[WhiteElo "1733"]
[BlackElo "1720"]
[PlyCount "53"]
[EventDate "2023.10.08"]
[EventType "team-tourn"]
[EventRounds "9"]
[EventCountry "HUN"]
[Source "chess.hu"]
[WhiteTeam "Godolloi SBE"]
[BlackTeam "Vizugyi SC"]
[WhiteTeamCountry "HUN"]
[BlackTeamCountry "HUN"]

1. d4 Nf6 2. Nf3 e6 3. c4 d5 4. e3 Be7 5. Bd3 O-O 6. O-O Nc6 7. a3 a5 8. Nc3
Bd7 9. Ne5 Be8 10. b3 Nxe5 11. dxe5 Nd7 12. cxd5 Nxe5 13. f4 Nxd3 14. Qxd3 Bf6
15. Rb1 Bxc3 16. Qxc3 Qxd5 17. Qxc7 Bc6 18. Rb2 Rac8 19. Qb6 Bb5 20. Re1 Ba6
21. Qd4 Rfd8 22. Rd2 Qxd4 23. exd4 Rc3 24. Rb2 Rxd4 25. f5 e5 26. Bd2 Rcd3 27.
Bxa5 1/2-1/2

[Event "NB II. Erkel csoport"]
[Site "Szada"]
[Date "2024.04.21"]
[Round "8.11"]
[White "Lestyak, Barnabas"]
[Black "Molnar, Laszlo"]
[Result "0-1"]
[WhiteElo "1647"]
[BlackElo "1736"]
[PlyCount "94"]
[EventDate "2023.10.08"]
[EventType "team-tourn"]
[EventRounds "9"]
[EventCountry "HUN"]
[Source "chess.hu"]
[WhiteTeam "Vizugyi SC"]
[BlackTeam "Godolloi SBE"]
[WhiteTeamCountry "HUN"]
[BlackTeamCountry "HUN"]

1. e4 Nf6 2. Nc3 d5 3. e5 Nfd7 4. d4 e6 5. Nf3 c5 6. Bb5 Nc6 7. Bg5 Be7 8. Bxe7
Qxe7 9. Bxc6 bxc6 10. O-O O-O 11. Ne2 Ba6 12. Re1 Bxe2 13. Rxe2 c4 14. c3 c5
15. b3 cxb3 16. axb3 Nb6 17. Qd3 c4 18. bxc4 Nxc4 19. h4 f5 20. g3 a5 21. Kg2
Rfb8 22. Rea2 a4 23. Nd2 Nxd2 24. Qxd2 a3 25. Qc1 Rb3 26. c4 dxc4 27. Qxc4 Qb7+
28. Kh2 Qd5 29. Qxd5 exd5 30. f4 Kf7 31. Kh3 Ke6 32. h5 Ra6 33. Kh4 Rd3 34. g4
Rxd4 35. Rxa3 Rxa3 36. Rxa3 Rxf4 37. Ra7 Rxg4+ 38. Kh3 Kxe5 39. Ra5 Ke4 40.
Ra4+ d4 41. Rb4 Ke3 42. Rb2 d3 43. h6 gxh6 44. Rh2 d2 45. Rh1 Kd3 46. Rh2 d1=Q
47. Rd2+ Kxd2 0-1

[Event "NB II. Erkel csoport"]
[Site "Vac"]
[Date "2024.04.21"]
[Round "8.1"]
[White "Budai, David"]
[Black "Gyenes, Mate"]
[Result "1/2-1/2"]
[WhiteElo "2326"]
[BlackElo "2173"]
[PlyCount "133"]
[EventDate "2023.10.08"]
[EventType "team-tourn"]
[EventRounds "9"]
[EventCountry "HUN"]
[Source "chess.hu"]
[WhiteTeam "HUSI SC"]
[BlackTeam "Vaci SC"]
[WhiteTeamCountry "HUN"]
[BlackTeamCountry "HUN"]

1. Nf3 d5 2. c4 d4 3. e3 Nc6 4. b4 Nxb4 5. Nxd4 e5 6. a3 exd4 7. axb4 c5 8.
bxc5 Bxc5 9. Qh5 Qe7 10. Ba3 Bxa3 11. Nxa3 Bd7 12. Nb5 Nf6 13. Qg5 Bxb5 14.
Qxb5+ Qd7 15. Qe5+ Kd8 16. Rxa7 Rxa7 17. Qb8+ Ke7 18. Qxa7 Rd8 19. Qc5+ Ke8 20.
Be2 dxe3 21. Qxe3+ Kf8 22. O-O Qxd2 23. Qa3+ Kg8 24. Bf3 b6 25. Qb3 Qd6 26. Rb1
Re8 27. g3 Qc7 28. Qb5 Re6 29. Bd5 Rd6 30. Ra1 g6 31. Ra8+ Rd8 32. Rxd8+ Qxd8
33. Qc6 Ne8 34. Kg2 Nd6 35. h4 h5 36. Kf1 Kg7 37. Ke2 Nf5 38. Kd3 Ne7 39. Qb7
Qd6 40. Ke4 Kf6 41. f4 Kg7 42. Qa8 Qf6 43. Qb8 Nf5 44. Qe5 Nxg3+ 45. Kd3 Nf5
46. Kc3 Qxe5+ 47. fxe5 Kf8 48. Kb4 Nd4 49. Kc3 Ne6 50. Kb4 Nc7 51. Bg2 Ke8 52.
Bh3 Ke7 53. Bc8 f6 54. exf6+ Kxf6 55. Bb7 Ne8 56. Be4 Nd6 57. Bd3 Nf5 58. Kb5
Nxh4 59. Kxb6 Nf3 60. c5 Ne5 61. c6 Nxc6 62. Kxc6 g5 63. Kd5 g4 64. Ke4 Kg5 65.
Be2 Kh4 66. Kf4 Kh3 67. Bf1+ 1/2-1/2

[Event "NB II. Erkel csoport"]
[Site "Vac"]
[Date "2024.04.21"]
[Round "8.2"]
[White "Mirza, Solyom"]
[Black "Erdelyi, Zombor"]
[Result "1/2-1/2"]
[WhiteElo "2056"]
[BlackElo "2289"]
[PlyCount "144"]
[EventDate "2023.10.08"]
[EventType "team-tourn"]
[EventRounds "9"]
[EventCountry "HUN"]
[Source "chess.hu"]
[WhiteTeam "Vaci SC"]
[BlackTeam "HUSI SC"]
[WhiteTeamCountry "HUN"]
[BlackTeamCountry "HUN"]

1. e4 c5 2. Nf3 d6 3. d4 cxd4 4. c3 dxc3 5. Nxc3 Nc6 6. Bc4 Nf6 7. e5 dxe5 8.
Qxd8+ Kxd8 9. Ng5 Kd7 10. Nxf7 Rg8 11. Ng5 Rh8 12. Nb5 e6 13. Bxe6+ Ke7 14. Bb3
h6 15. Nf7 Rh7 16. f4 e4 17. Nc7 Rb8 18. Be3 Kd7 19. Nb5 Bb4+ 20. Ke2 Ke7 21.
a3 Bg4+ 22. Kf1 Be6 23. Bxe6 Kxe6 24. Ne5 Nd5 25. Nd4+ Nxd4 26. Bxd4 Bd6 27. g3
g5 28. Re1 Kf5 29. Nc4 Be7 30. fxg5 Rc8 31. Nd2 e3 32. Bxe3 Nxe3+ 33. Rxe3 Bxg5
34. Rf3+ Kg6 35. Ne4 Re7 36. Nc3 Bc1 37. Nd5 Rd7 38. Rd3 Rcd8 39. Ke2 Bxb2 40.
Rhd1 Kg7 41. a4 Be5 42. Kf3 Kf7 43. Nf4 Rxd3+ 44. Nxd3 Kf6 45. Ke3 Bd4+ 46. Ke4
Bb6 47. Rf1+ Ke7 48. Nf4 Re8 49. Kf5 Kd6 50. Rd1+ Kc6 51. Rc1+ Kd6 52. Rd1+ Kc6
53. Rc1+ Bc5 54. Ne6 b6 55. a5 Rg8 56. axb6 axb6 57. g4 Kd6 58. Rd1+ Kc6 59.
Rc1 Kd5 60. h4 Be3 61. Rd1+ Kc4 62. g5 hxg5 63. hxg5 b5 64. g6 b4 65. Kf6 b3
66. Kf7 Rb8 67. g7 Bh6 68. g8=Q Rxg8 69. Kxg8 b2 70. Rb1 Kb3 71. Nc5+ Kc2 72.
Rxb2+ Kxb2 1/2-1/2

[Event "NB II. Erkel csoport"]
[Site "Vac"]
[Date "2024.04.21"]
[Round "8.3"]
[White "Biro, David"]
[Black "Trajber, Daniel"]
[Result "1-0"]
[WhiteElo "2249"]
[BlackElo "2061"]
[PlyCount "71"]
[EventDate "2023.10.08"]
[EventType "team-tourn"]
[EventRounds "9"]
[EventCountry "HUN"]
[Source "chess.hu"]
[WhiteTeam "HUSI SC"]
[BlackTeam "Vaci SC"]
[WhiteTeamCountry "HUN"]
[BlackTeamCountry "HUN"]

1. Nf3 d5 2. g3 Nf6 3. Bg2 c5 4. O-O Nc6 5. d3 g6 6. Nbd2 Bg7 7. e4 O-O 8. c3
b6 9. Re1 e6 10. Qa4 Bb7 11. Nf1 h6 12. Ne3 d4 13. cxd4 cxd4 14. Nc4 a6 15.
Nce5 Nxe5 16. Nxe5 Ne8 17. f4 b5 18. Qb3 Bxe5 19. fxe5 Kh7 20. Bd2 a5 21. Qxb5
Qe7 22. Bxa5 Nc7 23. Qb6 Na6 24. b4 Rfb8 25. Qxd4 Rd8 26. Bxd8 Rxd8 27. Qf2
Nxb4 28. Rf1 Rd7 29. d4 Ba6 30. Rfd1 Rc7 31. Qf6 Qe8 32. Rac1 Qa4 33. h3 Rd7
34. Kh2 Qxa2 35. d5 Nd3 36. Rxd3 1-0

[Event "NB II. Erkel csoport"]
[Site "Vac"]
[Date "2024.04.21"]
[Round "8.4"]
[White "Tornai, Imre"]
[Black "Szabolcsi, Janos"]
[Result "0-1"]
[WhiteElo "2003"]
[BlackElo "2159"]
[PlyCount "102"]
[EventDate "2023.10.08"]
[EventType "team-tourn"]
[EventRounds "9"]
[EventCountry "HUN"]
[Source "chess.hu"]
[WhiteTeam "Vaci SC"]
[BlackTeam "HUSI SC"]
[WhiteTeamCountry "HUN"]
[BlackTeamCountry "HUN"]

1. e4 c5 2. Nf3 e6 3. d4 cxd4 4. Nxd4 Nc6 5. Nc3 Qc7 6. Be2 a6 7. O-O Nf6 8.
Bg5 Be7 9. Nxc6 bxc6 10. Qd3 Ng4 11. Qg3 Qxg3 12. hxg3 Bxg5 13. Bxg4 Rb8 14.
Rab1 Bf6 15. Be2 Ke7 16. Rfd1 d6 17. Rd3 a5 18. Nd1 d5 19. exd5 exd5 20. Ra3
Ra8 21. b4 Bf5 22. Ne3 Bg6 23. bxa5 Rhb8 24. Rxb8 Rxb8 25. a6 Kd6 26. c3 Kc7
27. Ng4 Be7 28. Rb3 Bd6 29. Kf1 Bc2 30. Rxb8 Kxb8 31. Ke1 Bb1 32. a4 Bc2 33.
Bd1 Bf5 34. Ne3 Bc8 35. Be2 Ka7 36. Kd2 g6 37. Kc2 Be6 38. Kb2 Bc5 39. Nd1 Kb6
40. Kc2 Ka5 41. Kb3 Ba7 42. Ka3 c5 43. Ne3 c4 44. Bf3 Bc5+ 45. Kb2 d4 46. cxd4
Bxd4+ 47. Kc2 Kxa4 48. Bd5 Kb5 49. g4 Bxe3 50. Bxe6 fxe6 51. fxe3 Kxa6 0-1